Mathematics For Elementary Teachers: An Activity Approach (Record no. 2161)
[ view plain ]
| 005 - DATE AND TIME OF LATEST TRANSACTION | |
|---|---|
| control field | 20250508092351.0 |
| 020 ## - INTERNATIONAL STANDARD BOOK NUMBER | |
| International Standard Book Number | 0-07-253307-2 |
| 082 ## - DEWEY DECIMAL CLASSIFICATION NUMBER | |
| Classification number | LECT 510 BEN |
| 100 ## - MAIN ENTRY--PERSONAL NAME | |
| Author name | BENNETT, Albert B. |
| 245 ## - TITLE STATEMENT | |
| Title | Mathematics For Elementary Teachers: An Activity Approach |
| 250 ## - EDITION STATEMENT | |
| Edition statement | 6th Ed. |
| 260 ## - PUBLICATION, DISTRIBUTION, ETC. | |
| Place of publication, distribution, etc. | Boston, |
| Name of publisher, distributor, etc. | Mcgra-Hill Higher Education, |
| Date of publication, distribution, etc. | 2004. |
| 300 ## - PHYSICAL DESCRIPTION | |
| Extent | xiv, 349p.: ill.; chart, figure, graph, picture. |
| Other physical details | Index. |
| Dimensions | 25cm. |
| 700 ## - ADDED ENTRY--PERSONAL NAME | |
| Other authors/Editors | NELSON. L. T. |
| 856 ## - ELECTRONIC LOCATION AND ACCESS | |
| Link text | Access Online Book |
| Electronic name | Mathematics For Elementary Teachers |
| Path | www.mhhe.com |
| 942 ## - ADDED ENTRY ELEMENTS (KOHA) | |
| Source of classification or shelving scheme | Dewey Decimal Classification |
| Koha item type | Books |
| Date last seen | Total checkouts | Full call number | Barcode | Cost, replacement price | Price effective from | Koha item type | Lost status | Source of classification or shelving scheme | Damaged status | Not for loan | Withdrawn status | Home library | Current library | Shelving location | Date acquired | Cost, normal purchase price |
|---|---|---|---|---|---|---|---|---|---|---|---|---|---|---|---|---|
| 05/08/2025 | LECT 510 BEN | 0000008390 | 60000.00 | 05/08/2025 | Books | Dewey Decimal Classification | College of Business Education Main Library | College of Business Education Main Library | General Collection | 04/17/2007 | 20000.00 | |||||
| 05/08/2025 | LECT 510 BEN | 0000008391 | 60000.00 | 05/08/2025 | Books | Dewey Decimal Classification | College of Business Education Main Library | College of Business Education Main Library | General Collection | 04/17/2007 | 20000.00 | |||||
| 05/08/2025 | LECT 510 BEN | 0000008392 | 60000.00 | 05/08/2025 | Books | Dewey Decimal Classification | College of Business Education Main Library | College of Business Education Main Library | General Collection | 04/17/2007 | 20000.00 | |||||
| 05/08/2025 | LECT 510 BEN | 0000008393 | 60000.00 | 05/08/2025 | Books | Dewey Decimal Classification | College of Business Education Main Library | College of Business Education Main Library | General Collection | 04/17/2007 | 20000.00 | |||||
| 05/08/2025 | LECT 510 BEN | 0000008394 | 60000.00 | 05/08/2025 | Books | Dewey Decimal Classification | College of Business Education Main Library | College of Business Education Main Library | General Collection | 04/17/2007 | 20000.00 |
